000 00626nam a2200205Ii 4500
003 JO-AjNU
008 230605s9999||||xx |||||||||||||| ||und||
040 _aJO-AjNU
_bara
_erda
_cJO-AjNU
041 _aara
050 1 4 _aPN1992.5.Q3288 1994
100 3 _aتأليف القضاة،محمد فلاح,
_eauthor
_910626
245 0 0 _aأ.ب التلفزيون والفيلم
250 _aط1
264 3 1 _aعمان: دار الفكر، 1994
300 _a240ص
336 _atext
_btxt
_2rdacontent
337 _aunmediated
_bn
_2rdamedia
338 _avolume
_bnc
_2rdacarrier
650 4 _aالتلفزيون - فيلم
_910627
999 _aA1903
_c5471
_d5471